Original 57 Merit Badges - Statistics

General Stats
  • This quiz has been taken 5 times
  • The average score is 13 of 57
Answer Stats
Hint Answer % Correct
C Still achievable Camping
100%
S Still achievable Swimming
100%
A Still achievable Archery
75%
A Still achievable Aviation
75%
C Still achievable Cooking
75%
F Still achievable Forestry
75%
A Still achievable Art
50%
A Still achievable Astronomy
50%
A Still achievable Athletics
50%
C Still achievable Chemistry
50%
C Still achievable Cycling
50%
G Still achievable Gardening
50%
H Still achievable Horsemanship
50%
L Still achievable Leatherworking
50%
S Still achievable Surveying
50%
A Renamed in 1951 Angling
25%
B Still achievable Bugling
25%
C Replaced in 1952 Carpentry
25%
C Renamed in 1946 then split Civics
25%
E Still achievable Electricity
25%
I Discontinued in 1914 Invention
25%
M Still achievable Music
25%
P Still achievable Personal Health
25%
P Still achievable Photography
25%
P Still achievable Pioneering
25%
P Still achievable Plumbing
25%
P Renamed in 1981 Printing
25%
S Still achievable Sculpture
25%
S Split in 1964 Seamanship
25%
S Discontinued in 1952 Stalking
25%
A Merged in 1975 Agriculture
0%
A Still achievable Architure
0%
A Replaced in 1963 Automobiling
0%
B Renamed in 1914 Beefarming
0%
B Replaced in 1952 Blacksmithing
0%
B Renamed in 1966 Business
0%
C Replaced in 1952 Conservation
0%
C Split in 1926 Craftmanship
0%
D Replaced in 1975 Dairying
0%
F Renamed in 1995 Firemanship
0%
F Still achievable First Aid
0%
F Renamed in 1972 First Aid to Animals
0%
H Replaced in 1946 Handicraft
0%
I Discontinued in 1952 Interpreting
0%
L Still achievable Lifesaving
0%
M Discontinued in 1995 Machinery
0%
M Split in 1966 Marksmanship
0%
M Discontinued in 1995 Masonry
0%
M Replaced in 1937 Mining
0%
O Renamed in 1913 Ornithology
0%
P Still achievable Painting
0%
P Discontinued in 1952 Pathfinding
0%
P Renamed in 1913 Poultry Farming
0%
P Still achievable Public Health
0%
S Still achievable Scholarship
0%
S Discontinued in 1991 Signaling
0%
T Discontinued in 1952 Taxidermy
0%
No matching quizzes found
Score Distribution
Percent of People with Each Score
Percentile by Number Answered
Your Score History
You have not taken this quiz